| 000 | 00555nam a22001697a 4500 | ||
|---|---|---|---|
| 003 | NUST - PNEC | ||
| 005 | 20170116181139.0 | ||
| 008 | 151006b xxu||||| |||| 00| 0 eng d | ||
| 020 | _a0873894588 | ||
| 040 | _cLIBRARY | ||
| 082 | _a658.56207973 BLA | ||
| 100 |
_913798 _aBlazey, Mark L. |
||
| 245 |
_aInsights to performance excellence in Education 1999 : _cMark L. Blazey _bAn inside look at the 1999 Baldridge Award criteria for education |
||
| 260 | _cc.1999 | ||
| 650 |
_913800 _aMalcolm Baldrige National Quality Award _xMIS |
||
| 942 |
_2ddc _cBK |
||
| 999 |
_c70375 _d70375 |
||